Marco conceptual y buenas prácticas en ciudadanía y convivencia en barrios europeos INTI-CIEN
ISBN:
978-84-9803-366-3
Publicado:
Barcelona :
Diputació de Barcelona. Àrea d'Igualtat i Ciutadania. Servicio de Políticas de Diversidad y Ciudadanía ,
2009
Descripción Física:
139 p. : taules ; 29 cm
MARC
| LEADER | 00000nam a2200000Ia 4500 | ||
|---|---|---|---|
| 001 | 22318 | ||
| 008 | 160829s2009 xx 000 0 cat d | ||
| 020 | |a 978-84-9803-366-3 | ||
| 080 | |a S-1-310 | ||
| 245 | |a Marco conceptual y buenas prácticas en ciudadanía y convivencia en barrios europeos INTI-CIEN | ||
| 260 | |a Barcelona : |b Diputació de Barcelona. Àrea d'Igualtat i Ciutadania. Servicio de Políticas de Diversidad y Ciudadanía, |c 2009 | ||
| 300 | |a 139 p. : |b taules ; |c 29 cm | ||
| 490 | |a Documentos de trabajo. Igualdad y ciudadanía ; 13 | ||
| 590 | |a Hi ha un exemplar en català amb R. 22337 | ||
| 650 | |a Convivència |x Europa |9 42163 | ||
| 650 | |a Barris |x Aspectes socials |x Europa |9 42164 | ||
| 710 | 1 | |a Barcelona (Catalunya : Província). |b Servei de Polítiques de Diversitat i Ciutadania |9 52870 | |
| 901 | |a Arxiu | ||
| 942 | |n 1 | ||
| 952 | |0 0 |1 0 |4 0 |6 S1310 |7 1 |9 50686 |a Arxiu |b Arxiu |d 2016-12-01 |l 0 |o S-1-310 |p 22318 |r 2016-12-01 00:00:00 |w 2016-12-01 |y ARXIU | ||
| 999 | |c 54528 |d 54528 | ||